Rondas y canciones infantiles

Saved in:
Bibliografiske detaljer
Hovedforfatter: Solovera Cortés, Clara Irma (Author)
Format: Bog
Sprog:spansk
Udgivet: Santiago Andrés Bello 2007
Fag:
Tags: Tilføj Tag
Ingen Tags, Vær først til at tagge denne postø!

MARC

LEADER 00000cam a2200000 a 4500
001 UCF6740
003 CL-VaPUC
008 130516e20070500CL |||||||||||||||||spa|d
020 |a 9789561315785 
082 0 4 |a 782.42  |b SOL  |2 21 
100 0 |a Solovera Cortés, Clara Irma  |e author  |9 568762 
245 1 0 |a Rondas y canciones infantiles 
300 |a 31 p 
942 |c BK 
945 |d 20130516 00:00:00  |a dcastane 
260 |a Santiago  |b Andrés Bello  |c 2007 
650 0 |a Canciones infantiles  |9 307627 
650 0 |a Compositores chilenos  |9 306644 
650 7 |a RONDAS INFANTILES  |2 CL-VaPUC  |9 568763 
583 |a last modification  |c 20130516 09:57:00  |k Rodrigo Vera 
999 |c 351847  |d 351845 
952 |0 0  |1 0  |4 0  |6 782_420000000000000_SOL_2007  |7 0  |8 R  |9 456221  |a BIBEDU  |b BIBEDU  |d 2019-11-22  |i 4971043  |o 782.42 SOL 2007  |p 4971043  |r 2023-01-12  |w 2019-11-22  |y BK_R  |k MUS